000 00371 a2200145 4500
999 _c1303
_d1303
020 _a9781405892353
050 _aHB 171.5 AND 2010
100 _aAnderton, Alain.
_eauthor
245 _aEconomics
264 _aEssex:
_bPearson Education;
_c2010.
300 _a762p.
_bill...[col]
500 _aIncludes index
650 _aEconomics
942 _2lcc
_cBK
_e4th
_h171.5
_iAND
_kHB